| 000 | 00000nam##2200000za#4500 |
| 001 | 9.602147 |
| 003 | CaOODSP |
| 005 | 20210624210426 |
| 007 | cr ||||||||||| |
| 008 | 150406|2000||||xxc|||||o f|0| 0 fre|d |
| 040 | |aCaOODSP|bfre |
| 043 | |an-cn--- |
| 086 | 1 |aNH18-23/51F-PDF |
| 110 | 2 |aSociété canadienne d'hypothèques et de logement. |
| 245 | 10|aPerspectives à long terme de la demande de prêts hypothécaires au Canada |h[ressource électronique] |
| 260 | |aOttawa - Ontario : |bSociété canadienne d'hypothèques et de logement |cNovembre 2000. |
| 300 | |a4p.|bgraphiques |
| 490 | 1 |aLe point en recherche. Série socio-économique |v51 |
| 590 | |a11-22-Supp|b2011-10-13 |
| 691 | 07|aPrêt hypothécaire|2gcpds |
| 691 | 07|aLogement|2gcpds |
| 691 | 07|aDemande|2gcpds |
| 691 | 07|aMarché|2gcpds |
| 775 | 08|tLong-term outlook on the demand for mortgages in Canada |w(CaOODSP)9.571721 |
| 776 | 0#|tPerspectives à long terme de la demande de prêts hypothécaires au Canada |w(CaOODSP)9.625589 |
| 830 | #0|aLe point en recherche. Série socio-économique ;|v51|w(CaOODSP)9.501568 |
| 856 | 40|ahttp://publications.gc.ca|qPDF|s93 Ko|uhttps://publications.gc.ca/collections/Collection/NH18-23-51F.pdf|y51 |